000
00336nam a2200133Ia 4500
008
240624s9999 xx 000 0 und d
041
_a
eng
082
_a
362.1068 SCH
100
_a
SCHNELLER EUGENE S
245
_a
STRATEGIC MANAGEMENT OF THE HEALTH CARE
260
_c
2006
_a
London
_b
Jossey-Bass
300
_a
328 : p.
365
_c
_b
27
999
_c
17349
_d
17349